000 00275nam a22001217a 4500
082 _a823
_bHAR/T
100 _aHARKER, JIL
245 _aTOOT LEARNS TO FLY
260 _aUNITED KINGDOM
_bLADY BIRD BOOKS
300 _a15
650 _aENGLISH STORY
_zUNITED KINGDOM
942 _cBK
999 _c7554
_d7554